| 000 | 00945nam0a22002651 4500 | ||
|---|---|---|---|
| 001 | rc\3491668 | ||
| 005 | 20130115141213.0 | ||
| 035 | _a(NLR Aleph) 007607581 | ||
| 090 |
_a5781851 _c5781851 |
||
| 100 | _a20130115d1970 |||y0rusy50 ca | ||
| 101 | 0 | _arus | |
| 102 | _aRU | ||
| 105 | _aab z ||||| | ||
| 200 | 1 |
_aВооруженные силы Ирана _e(Учеб. пособие) _fВоен. ин-т иностр. яз. |
|
| 210 |
_aМосква _cБ. и. _d1970 |
||
| 215 |
_a118 с., 2 л. схем., карт. _cил. _d20 |
||
| 300 | _aПеред загл. авт.: подполк. Багдасаров С.Б. | ||
| 320 | _aБиблиогр.: с. 114-116 | ||
| 333 | _aДля служебного пользования. Экз. № 14 | ||
| 700 | 1 |
_aБагдасаров _bС. Б. _gСтепан Багратович |
|
| 801 | 0 |
_aRU _bNLR _gpsbo |
|
| 801 | 1 |
_aRU _bELAR _2rusmarc |
|
| 852 |
_aNLR _j71-50к/771 |
||
| 942 | _cBOOK | ||
| 980 | _aNB | ||